| 000 | 00432nam a22001457a 4500 | ||
|---|---|---|---|
| 005 | 20170508134547.0 | ||
| 008 | 170508b xxu||||| |||| 00| 0 eng d | ||
| 040 | _cPK-LaUMT | ||
| 082 |
_aZIAC 297.01 _bJAM-A |
||
| 100 | _aجمیل خیاط ، محمد | ||
| 245 |
_aالنظریۃ التربویۃ فی الاسلام/ _cمحمد جمیل خیاط |
||
| 260 |
_aقطر: _bمطابع صفا، _c[ ] |
||
| 300 | _a205 ص | ||
| 942 | _cBK | ||
| 999 |
_c93270 _d93270 |
||